Normal view
MARC view
Entry Topical Term
001 - CONTROL NUMBER
- control field: 31146
003 - CONTROL NUMBER IDENTIFIER
- control field: OSt
005 - DATE AND TIME OF LATEST TRANSACTION
- control field: 20220511130318.0
008 - FIXED-LENGTH DATA ELEMENTS
- fixed length control field: 220511|| aca||aabn | a|a d
040 ## - CATALOGING SOURCE
- Original cataloging agency: OSt
- Transcribing agency: OSt
150 ## - HEADING--TOPICAL TERM
- Topical term or geographic name entry element: Conflict, Death Shock, Early Modern Europe, Habsburg, Kinship, Networks, Marriage, War, Genealogy
670 ## - SOURCE DATA FOUND
- Source citation: Work cat.: (OSt)518892: Benzell, Seth G. and Cooke, Kevin 31145, A network of thrones: Kinship and conflict in Europe, 1495–1918
